[Event "15th Dubai Open"]
[Site "Dubai"]
[Date "2013.04.09"]
[Round "3.35"]
[White "Michalik, Peter"]
[Black "Mehdi, Samer"]
[Result "1-0"]
[LiveChessVersion "1.4.1"]
[BlackElo "2089"]
[WhiteElo "2535"]

1. d4 {[%clk 1:30:57]} Nf6 {[%clk 1:30:24]} 2. c4 {[%clk 1:31:23]} e5
{[%clk 1:29:02]} 3. dxe5 {[%clk 1:31:45]} Ne4 {[%clk 1:29:26]} 4. Nf3
{[%clk 1:31:42]} Bb4+ {[%clk 1:28:22]} 5. Bd2 {[%clk 1:30:10]} Qe7
{[%clk 1:26:57]} 6. a3 {[%clk 1:24:06]} Nxd2 {[%clk 1:26:11]} 7. Nbxd2
{[%clk 1:24:24]} Bxd2+ {[%clk 1:26:24]} 8. Qxd2 {[%clk 1:24:48]} Nc6
{[%clk 1:26:04]} 9. Qc3 {[%clk 1:21:10]} O-O {[%clk 1:19:08]} 10. g3
{[%clk 1:20:50]} Re8 {[%clk 1:17:17]} 11. Bg2 {[%clk 1:21:13]} Nxe5
{[%clk 1:16:41]} 12. O-O {[%clk 1:20:51]} d6 {[%clk 1:13:35]} 13. Nd4
{[%clk 1:20:25]} Rb8 {[%clk 0:54:21]} 14. Nc2 {[%clk 1:15:17]} Bg4
{[%clk 0:43:52]} 15. h3 {[%clk 1:08:33]} Bd7 {[%clk 0:35:55]} 16. Ne3
{[%clk 1:06:12]} c6 {[%clk 0:29:58]} 17. Rad1 {[%clk 1:06:07]} b5
{[%clk 0:25:54]} 18. b3 {[%clk 1:01:49]} h5 {[%clk 0:15:27]} 19. Qd4
{[%clk 1:00:31]} bxc4 {[%clk 0:14:54]} 20. bxc4 {[%clk 1:00:48]} h4
{[%clk 0:10:54]} 21. g4 {[%clk 0:59:16]} d5 {[%clk 0:07:26]} 22. cxd5
{[%clk 0:57:35]} Qxa3 {[%clk 0:07:47]} 23. Ra1 {[%clk 0:51:18]} Qb2
{[%clk 0:07:23]} 24. Qxb2 {[%clk 0:50:33]} Rxb2 {[%clk 0:07:46]} 25. f4
{[%clk 0:49:57]} Rxe2 {[%clk 0:05:52]} 26. fxe5 {[%clk 0:50:12]} Rxe3
{[%clk 0:06:13]} 27. Rxa7 {[%clk 0:48:26]} Bc8 {[%clk 0:00:55]} 28. Rfxf7
{[%clk 0:48:26]} R3xe5 {[%clk 0:01:00]} 29. Rxg7+ {[%clk 0:48:47]} Kh8
{[%clk 0:01:27]} 30. dxc6 {[%clk 0:46:26]} Re1+ {[%clk 0:01:11]} 31. Kh2
{[%clk 0:46:39]} Rc1 {[%clk 0:00:57]} 32. Rgc7 {[%clk 0:43:28]} Rc2
{[%clk 0:00:53]} 33. Ra8 {[%clk 0:43:35]} 1-0

[Event "15th Dubai Open"]
[Site "Dubai"]
[Date "2013.04.09"]
[Round "3.36"]
[White "Blanco Acevedo, Maria C."]
[Black "Karthikeyan, Murali"]
[Result "0-1"]
[LiveChessVersion "1.4.1"]
[BlackElo "2432"]
[WhiteElo "2080"]

1. d4 {[%clk 1:30:39]} d5 {[%clk 1:30:54]} 2. Nf3 {[%clk 1:31:02]} Nf6
{[%clk 1:31:17]} 3. e3 {[%clk 1:31:21]} e6 {[%clk 1:31:37]} 4. Bd3
{[%clk 1:31:16]} Bd6 {[%clk 1:31:50]} 5. b3 {[%clk 1:31:18]} O-O {[%clk 1:31:58]}
6. Bb2 {[%clk 1:31:11]} c5 {[%clk 1:32:16]} 7. Nbd2 {[%clk 1:28:16]} b6
{[%clk 1:29:15]} 8. Qe2 {[%clk 1:28:14]} Bb7 {[%clk 1:29:02]} 9. O-O
{[%clk 1:26:24]} Ne4 {[%clk 1:21:18]} 10. a3 {[%clk 1:26:04]} Qe7
{[%clk 1:20:14]} 11. Ne1 {[%clk 1:23:50]} Nd7 {[%clk 1:14:17]} 12. f4
{[%clk 1:17:19]} Rac8 {[%clk 1:08:16]} 13. c4 {[%clk 1:07:33]} Rfd8
{[%clk 1:01:55]} 14. Nxe4 {[%clk 1:03:09]} dxe4 {[%clk 1:02:12]} 15. Bc2
{[%clk 1:02:04]} f5 {[%clk 0:56:38]} 16. g4 {[%clk 1:01:20]} cxd4
{[%clk 0:54:53]} 17. exd4 {[%clk 1:00:52]} b5 {[%clk 0:53:11]} 18. Ng2
{[%clk 0:57:56]} bxc4 {[%clk 0:40:20]} 19. bxc4 {[%clk 0:56:48]} Ba6
{[%clk 0:31:07]} 20. Ne3 {[%clk 0:56:30]} Nb6 {[%clk 0:30:15]} 21. Bb3
{[%clk 0:51:52]} Nd5 {[%clk 0:26:10]} 22. gxf5 {[%clk 0:35:46]} Nxf4
{[%clk 0:24:36]} 23. Qd2 {[%clk 0:33:35]} Rb8 {[%clk 0:21:47]} 24. Bd1
{[%clk 0:29:55]} Qg5+ {[%clk 0:20:46]} 25. Kh1 {[%clk 0:30:01]} Nd3
{[%clk 0:20:54]} 26. Bc3 {[%clk 0:28:59]} Bf4 {[%clk 0:20:43]} 27. Rg1
{[%clk 0:28:59]} Qh6 {[%clk 0:16:41]} 28. Ng4 {[%clk 0:27:08]} Bxd2
{[%clk 0:17:02]} 29. Nxh6+ {[%clk 0:27:34]} Bxh6 {[%clk 0:17:30]} 30. fxe6
{[%clk 0:27:09]} Bxc4 {[%clk 0:17:48]} 0-1

[Event "15th Dubai Open"]
[Site "Dubai"]
[Date "2013.04.09"]
[Round "3.37"]
[White "Elnemr, Mohamed"]
[Black "Ankit, R. Rajpara"]
[Result "0-1"]
[LiveChessVersion "1.4.1"]
[BlackElo "2421"]
[WhiteElo "2073"]

1. Nf3 {[%clk 1:30:56]} Nf6 {[%clk 1:30:46]} 2. c4 {[%clk 1:31:16]} c6
{[%clk 1:31:09]} 3. Nc3 {[%clk 1:31:28]} d5 {[%clk 1:31:31]} 4. e3
{[%clk 1:31:33]} e6 {[%clk 1:31:50]} 5. Qc2 {[%clk 1:30:27]} Nbd7
{[%clk 1:31:57]} 6. b3 {[%clk 1:30:45]} Bd6 {[%clk 1:32:13]} 7. Bb2
{[%clk 1:31:07]} O-O {[%clk 1:32:24]} 8. Rg1 {[%clk 1:30:19]} b6 {[%clk 1:29:09]}
9. g4 {[%clk 1:28:46]} Bb7 {[%clk 1:29:19]} 10. g5 {[%clk 1:27:00]} Ne8
{[%clk 1:29:35]} 11. h4 {[%clk 1:24:38]} e5 {[%clk 1:27:56]} 12. Bd3
{[%clk 1:21:39]} g6 {[%clk 1:24:23]} 13. h5 {[%clk 1:21:38]} Qe7 {[%clk 1:19:58]}
14. Nh4 {[%clk 1:11:22]} e4 {[%clk 1:17:31]} 15. hxg6 {[%clk 1:11:27]} fxg6
{[%clk 1:16:56]} 16. Nxe4 {[%clk 1:04:45]} dxe4 {[%clk 1:17:09]} 17. Bxe4
{[%clk 1:05:08]} Be5 {[%clk 1:13:03]} 18. d4 {[%clk 1:03:57]} Bg7
{[%clk 1:12:19]} 19. O-O-O Rxf2 {[%clk 1:09:48]} 20. Qxf2 {[%clk 0:55:56]} Qxe4
{[%clk 1:10:13]} 21. Rdf1 {[%clk 0:51:33]} Nd6 {[%clk 1:08:52]} 22. Qg3
{[%clk 0:50:47]} Qe6 {[%clk 1:07:02]} 23. Rh1 {[%clk 0:31:24]} Re8
{[%clk 1:04:49]} 24. Re1 {[%clk 0:31:09]} Ne4 {[%clk 0:55:06]} 25. Qh2
{[%clk 0:30:20]} Nxg5 {[%clk 0:54:07]} 26. e4 {[%clk 0:25:41]} c5
{[%clk 0:47:15]} 27. Nf3 {[%clk 0:18:49]} Nxf3 {[%clk 0:47:20]} 28. Qxh7+
{[%clk 0:19:14]} Kf8 {[%clk 0:47:38]} 29. Rhf1 {[%clk 0:19:37]} Qf7
{[%clk 0:45:30]} 30. Qh3 {[%clk 0:18:26]} Bxe4 {[%clk 0:44:46]} 31. Rxe4
{[%clk 0:15:23]} Rxe4 {[%clk 0:45:09]} 32. Qxf3 {[%clk 0:15:40]} Qxf3
{[%clk 0:45:27]} 33. Rxf3+ {[%clk 0:16:06]} Ke7 {[%clk 0:45:34]} 34. dxc5
{[%clk 0:15:37]} Bxb2+ {[%clk 0:45:53]} 35. Kxb2 {[%clk 0:16:01]} Nxc5
{[%clk 0:46:09]} 0-1

[Event "15th Dubai Open"]
[Site "Dubai"]
[Date "2013.04.09"]
[Round "3.38"]
[White "Abdel Rabb, Raouf"]
[Black "Sunilduth Lyna, Narayanan"]
[Result "1/2-1/2"]
[LiveChessVersion "1.4.1"]
[BlackElo "2418"]
[WhiteElo "2036"]

1. e4 {[%clk 1:30:26]} c5 {[%clk 1:30:52]} 2. Nf3 {[%clk 1:30:42]} d6
{[%clk 1:31:15]} 3. d3 {[%clk 1:31:02]} Nc6 {[%clk 1:31:29]} 4. g3
{[%clk 1:31:21]} g6 {[%clk 1:31:49]} 5. Bg2 {[%clk 1:31:39]} Bg7 {[%clk 1:32:12]}
6. O-O {[%clk 1:32:00]} Nf6 {[%clk 1:32:36]} 7. Re1 {[%clk 1:32:10]} O-O
{[%clk 1:32:52]} 8. c3 {[%clk 1:32:30]} e5 {[%clk 1:33:16]} 9. a3
{[%clk 1:32:50]} b5 {[%clk 1:33:40]} 10. b4 {[%clk 1:31:45]} a5 {[%clk 1:34:04]}
11. Bb2 {[%clk 1:23:47]} axb4 {[%clk 1:12:19]} 12. cxb4 {[%clk 1:23:32]} cxb4
{[%clk 1:11:40]} 13. axb4 {[%clk 1:23:50]} Rb8 {[%clk 0:52:57]} 14. Bc3
{[%clk 1:22:14]} Bg4 {[%clk 0:51:46]} 15. h3 {[%clk 1:15:20]} Bxf3
{[%clk 0:51:59]} 16. Qxf3 {[%clk 1:15:34]} Nd7 {[%clk 0:50:44]} 17. Qe3
{[%clk 1:10:14]} Re8 {[%clk 0:46:27]} 18. Rc1 {[%clk 1:09:09]} Nb6
{[%clk 0:40:24]} 19. Ra6 {[%clk 1:05:38]} Qc7 {[%clk 0:34:42]} 20. Ra3
{[%clk 1:01:05]} Qd7 {[%clk 0:33:46]} 21. Bd2 {[%clk 0:58:55]} Nd4
{[%clk 0:32:44]} 22. Nc3 {[%clk 0:58:37]} Rec8 {[%clk 0:28:57]} 23. Qe1
{[%clk 0:51:25]} Rc7 {[%clk 0:26:04]} 24. Qd1 {[%clk 0:50:13]} Rbc8
{[%clk 0:24:54]} 25. Kh2 {[%clk 0:49:42]} Rc6 {[%clk 0:18:41]} 26. Ra6
{[%clk 0:48:00]} Qb7 {[%clk 0:12:05]} 27. Ra3 {[%clk 0:47:24]} Ra8
{[%clk 0:07:36]} 28. Rxa8+ {[%clk 0:45:33]} Qxa8 {[%clk 0:07:51]} 29. Be3
{[%clk 0:44:44]} Qc8 {[%clk 0:07:52]} 30. Bxd4 {[%clk 0:42:27]} exd4
{[%clk 0:08:13]} 31. Ne2 {[%clk 0:42:46]} Na4 {[%clk 0:06:29]} 32. Rxc6
{[%clk 0:37:08]} Qxc6 {[%clk 0:06:57]} 33. Qc1 {[%clk 0:35:22]} Nc3
{[%clk 0:05:54]} 34. e5 {[%clk 0:27:29]} Qb6 {[%clk 0:05:52]} 35. Nxc3
{[%clk 0:25:08]} dxc3 {[%clk 0:06:16]} 36. Qxc3 {[%clk 0:24:34]} Bxe5
{[%clk 0:06:39]} 37. Qc2 {[%clk 0:20:42]} h5 {[%clk 0:06:46]} 38. Be4
{[%clk 0:19:12]} h4 {[%clk 0:06:39]} 39. Kg2 {[%clk 0:19:22]} hxg3
{[%clk 0:07:02]} 40. fxg3 {[%clk 0:19:49]} Qd4 {[%clk 0:06:40]} 41. Qf2
{[%clk 0:19:24]} Qxb4 {[%clk 0:05:11]} 42. Bd5 {[%clk 0:19:28]} Qb2
{[%clk 0:05:39]} 43. Bxf7+ {[%clk 0:19:41]} Kg7 {[%clk 0:06:07]} 44. Qxb2
{[%clk 0:19:54]} Bxb2 {[%clk 0:06:31]} 45. Bb3 {[%clk 0:19:36]} Kf6
{[%clk 0:06:38]} 46. Kf3 {[%clk 0:19:26]} Ke5 {[%clk 0:06:50]} 47. Bf7
{[%clk 0:19:09]} g5 {[%clk 0:06:43]} 48. h4 {[%clk 0:19:26]} gxh4
{[%clk 0:07:01]} 49. gxh4 {[%clk 0:19:54]} Kd4 {[%clk 0:06:35]} 50. Ke2
{[%clk 0:19:51]} Kc3 {[%clk 0:05:09]} 51. Ke3 {[%clk 0:19:29]} b4
{[%clk 0:04:49]} 52. Ke4 {[%clk 0:19:04]} Bc1 {[%clk 0:05:13]} 53. h5
{[%clk 0:18:53]} Bh6 {[%clk 0:05:06]} 54. d4 {[%clk 0:18:32]} Bg7
{[%clk 0:05:20]} 55. Kd5 {[%clk 0:18:49]} b3 {[%clk 0:05:42]} 56. Kxd6
{[%clk 0:18:40]} b2 {[%clk 0:06:06]} 57. Bg6 {[%clk 0:18:51]} Bxd4
{[%clk 0:06:30]} 58. Ke5 1/2-1/2

[Event "15th Dubai Open"]
[Site "Dubai"]
[Date "2013.04.09"]
[Round "3.40"]
[White "Rice, Chris B"]
[Black "Tania, Sachdev"]
[Result "0-1"]
[LiveChessVersion "1.4.1"]
[BlackElo "2409"]
[WhiteElo "2032"]

1. c4 {[%clk 1:25:35]} Nf6 {[%clk 1:30:54]} 2. g3 {[%clk 1:25:40]} e6
{[%clk 1:31:18]} 3. Bg2 {[%clk 1:25:56]} d5 {[%clk 1:31:41]} 4. Nf3
{[%clk 1:26:18]} dxc4 {[%clk 1:30:24]} 5. Na3 {[%clk 1:26:42]} Bxa3
{[%clk 1:27:48]} 6. bxa3 {[%clk 1:26:40]} c6 {[%clk 1:25:15]} 7. Qc2
{[%clk 1:24:11]} b5 {[%clk 1:22:20]} 8. a4 {[%clk 1:23:32]} Bb7 {[%clk 1:20:56]}
9. Ba3 {[%clk 1:18:17]} a5 {[%clk 1:11:51]} 10. Rb1 {[%clk 1:17:14]} b4
{[%clk 1:08:29]} 11. Ne5 {[%clk 1:13:22]} Qc7 {[%clk 0:59:23]} 12. Nxc4
{[%clk 1:13:39]} O-O {[%clk 0:59:37]} 13. Bb2 {[%clk 1:13:36]} Nbd7
{[%clk 0:59:55]} 14. O-O {[%clk 1:08:32]} c5 {[%clk 1:00:06]} 15. Bxb7
{[%clk 0:46:49]} Qxb7 {[%clk 1:00:30]} 16. Rbc1 {[%clk 0:47:00]} Qc6
{[%clk 0:52:12]} 17. Bxf6 {[%clk 0:39:13]} Nxf6 {[%clk 0:51:20]} 18. Ne5
{[%clk 0:38:48]} Qd5 {[%clk 0:46:15]} 19. Nd3 {[%clk 0:35:57]} Rfc8
{[%clk 0:36:10]} 20. Qc4 {[%clk 0:28:17]} Nd7 {[%clk 0:26:40]} 21. Rc2
{[%clk 0:23:58]} Qxc4 {[%clk 0:17:20]} 22. Rxc4 {[%clk 0:24:22]} Nb6
{[%clk 0:17:48]} 23. Rxc5 {[%clk 0:24:20]} Nxa4 {[%clk 0:18:14]} 24. Rcc1
{[%clk 0:20:06]} f6 {[%clk 0:17:44]} 25. Kg2 {[%clk 0:18:43]} e5 {[%clk 0:16:20]}
26. Kf3 {[%clk 0:17:33]} Kf7 {[%clk 0:16:38]} 27. Ke3 {[%clk 0:17:26]} Ke6
{[%clk 0:14:20]} 28. f4 {[%clk 0:16:20]} Nb6 {[%clk 0:14:45]} 29. fxe5
{[%clk 0:16:43]} Nc4+ {[%clk 0:13:13]} 30. Kf4 {[%clk 0:13:57]} fxe5+
{[%clk 0:12:52]} 31. Kg4 {[%clk 0:14:02]} Nxd2 {[%clk 0:13:11]} 32. Nc5+
{[%clk 0:13:37]} Rxc5 {[%clk 0:13:36]} 0-1